000 00974cam a2200277 a 4500
001 3051252
003 ARRUPE
005 20140219142618.0
008 960503s1996 gau b 001 0 eng
010 _a 96008777
020 _a0865544980 (pbk. : alk. paper)
040 _aDLC
_cDLC
_dDLC
050 0 0 _aB2430.T37
_bL36 1996
082 0 0 _a194
_220
100 1 _aLane, David H.,
_d1955-
_98777
245 1 4 _aThe phenomenon of Teilhard :
_bprophet for a new age /
_cby David H. Lane.
250 _a1st ed.
260 _aMacon, Ga. :
_bMercer University Press,
_c1996.
300 _axvi, 189 p. ;
_c23 cm.
504 _aIncludes bibliographical references and indexes.
600 2 0 _aTeilhard de Chardin, Pierre.
_98778
650 0 _aNew Age movement.
_98779
906 _a7
_bcbc
_corignew
_d1
_eocip
_f19
_gy-gencatlg
942 _2lcc
_cMONOGRAPH
999 _c120101
_d120101